Categories gramaticals Quiz Stats

 Plays Quiz not verified by Sporcle

Support Sporcle.
Go Orange.
Score 0/27 Timer 15:00
0 Plays Today
% Correct
???
89%
???
88.1%
???
83.4%
???
80.3%
???
47.3%
???
42.4%
???
38.8%
???
34.7%
???
32.9%
???
31.9%
???
31.6%
???
28.3%
???
28%
???
24%
% Correct
???
22.9%
???
22.6%
???
22.2%
???
20.9%
???
15.3%
???
14.6%
???
13.7%
???
9.7%
???
9.4%
???
9.4%
???
9.2%
???
9%
???
7.9%

You're not logged in!

Compare scores with friends on all Sporcle quizzes.
OR
Log In

From the Vault

Four Word Movie Reviews

by SporcleAdmin

Funny Sporcle About Movies.
Remove Ads.
Support Sporcle.
Get the best of Sporcle when you Go Orange. This ad-free experience offers more features, more stats, and more fun while also helping to support Sporcle. Thank you for becoming a member.

Show Comments

Extras

Top Quizzes Today


Score Distribution

Your Account Isn't Verified!

In order to create a playlist on Sporcle, you need to verify the email address you used during registration. Go to your Sporcle Settings to finish the process.

Report this User

Report this user for behavior that violates our Community Guidelines.

Details: